States of India using only "C" and "V" - Statistics

General Stats
  • This quiz has been taken 4 times
  • The average score is 20 of 36
Answers on the Map
Answers color-coded by a green-red scale on the quiz's map according to % correct below.
 
Answer Stats
State % Correct
CVCCV
100%
CVCCVC
100%
CVCCVC
100%
CVV
100%
CCVCVCV
75%
CVCVC
75%
CVCVCV
75%
CVCVCV
75%
CVCVCVC
75%
CVCVCVC
75%
CVCVCVC
75%
CVCVCVCC
75%
VCCVC
75%
VCVCCV
75%
CCCVCCVCCVCC
50%
CCVCCCVCC
50%
CVCCV CCVCVCC
50%
CVCCVCVCV
50%
CVCCV VCC CVCCCVC
50%
CVCVCC
50%
CVCVCCCVC
50%
CVCVCCVCC
50%
CVCVCCVC CCVCVCC
50%
CVCVC CVCV
50%
CVCVCCVCV
50%
VCCCCV CCVCVCC
50%
VCCVC CCVCVCC
50%
VCVCVCCVC CCVCVCC
50%
CCVCCVCVCC
25%
CVCC CVCCVC
25%
CVCCCVCCVVC
25%
CVCCVCVV
25%
CVCVCVCCCCV
25%
CVCCV VCC CVCVC CVCVCV VCC CVCVC VCC CVV
0%
VCCVCVCCVCC
0%
VCCVCVC VCC CVCVCVC VCCVCCC
0%
No matching quizzes found
Score Distribution
Percent of People with Each Score
Percentile by Number Answered
Your Score History
You have not taken this quiz